[Event "Aragon-chT Honor Gr-II"]
[Site "Aragon"]
[Date "2020.02.15"]
[Round "4.7"]
[White "Perez Puyal, Jose Joaquin"]
[Black "Dan, Teodor"]
[Result "1-0"]
[WhiteElo "1756"]
[BlackElo "2094"]
[PlyCount "81"]
[EventDate "2020.01.25"]
[EventType "team-tourn"]
[EventRounds "7"]
[EventCountry "ESP"]
[SourceTitle "EXT 2022"]
[Source "ChessBase"]
[SourceDate "2021.10.06"]
[SourceVersion "1"]
[SourceVersionDate "2021.10.06"]
[SourceQuality "1"]
[WhiteTeam "Huesca Club Atletismo"]
[BlackTeam "Palacio de Pioneros"]
[WhiteTeamCountry "ESP"]
[BlackTeamCountry "ESP"]

1. d4 g6 2. Nf3 Bg7 3. Bf4 Nf6 4. e3 0-0 5. Be2 d6 6. h3 c5 7. c3 b6 8. 0-0 Bb7 9. Nbd2 Qd7 10. Bh2 Nc6 11. Rc1 Rac8 12. Ne1 Rfd8 13. Bf3 e5 14. d5 Ne7 15. e4 Ne8 16. c4 f5 17. Nd3 Nf6 18. Re1 Qe8 19. Kh1 Kh8 20. Rc3 h5 21. Ra3 Ra8 22. g4 hxg4 23. hxg4 f4 24. g5 Nh7 25. Rg1 Ng8 26. Qf1 Bf8 27. Qh3 Bc8 28. Bg4 Bxg4 29. Rxg4 Kg7 30. Nf3 Qd7 31. Bxf4 Re8 32. Nfxe5 dxe5 33. Nxe5 Qc8 34. Qh4 Bd6 35. Rh3 Bxe5 36. Bxe5+ Rxe5 37. Qxh7+ Kf8 38. Rf4+ Ke8 39. Qxg8+ Kd7 40. Rh7+ Re7 41. Qe6+ 1-0

[Event "Huesca CupT"]
[Site "Monzon"]
[Date "2017.01.22"]
[Round "2.4"]
[White "Perez Puyal, Jose Joaquin"]
[Black "Olivan Alvira, Alejandro"]
[Result "1-0"]
[WhiteElo "1876"]
[BlackElo "1639"]
[PlyCount "85"]
[EventDate "2017.01.22"]
[EventType "team-k.o."]
[EventRounds "3"]
[EventCountry "ESP"]
[SourceTitle "EXT 2018"]
[Source "ChessBase"]
[SourceDate "2017.10.13"]
[SourceVersion "1"]
[SourceVersionDate "2017.10.13"]
[SourceQuality "1"]
[WhiteTeam "Jaque"]
[BlackTeam "Jaime Casas"]
[WhiteTeamCountry "ESP"]
[BlackTeamCountry "ESP"]

1. e4 d5 2. exd5 Qxd5 3. Nc3 Qa5 4. Bc4 Nf6 5. d3 c6 6. Nge2 Bg4 7. f3 Bh5 8. g4 Bg6 9. Nf4 e6 10. h4 Bb4 11. Bd2 Qe5+ 12. Qe2 Qxe2+ 13. Ncxe2 Bxd2+ 14. Kxd2 b5 15. Bb3 a5 16. a4 e5 17. h5 Bxh5 18. Nxh5 Nxh5 19. Rxh5 Nd7 20. axb5 cxb5 21. Bd5 Ra6 22. Rah1 h6 23. g5 a4 24. Be4 a3 25. bxa3 Ke7 26. Nc3 Rxa3 27. Nxb5 Ra5 28. Nc3 Rc8 29. gxh6 gxh6 30. Rxh6 Rg8 31. Nd5+ Kf8 32. Rh8 Rxh8 33. Rxh8+ Kg7 34. Rd8 Nc5 35. Ne3 Ne6 36. Nf5+ Kf6 37. Rd6 Kg5 38. Ne3 Nf4 39. Nd5 Ne6 40. c4 Nf4 41. Nxf4 Ra2+ 42. Kc3 exf4 43. Rd5+ 1-0

[Event "Aragon-chT Preferente A"]
[Site "Aragon"]
[Date "2015.02.28"]
[Round "6.42"]
[White "Jaques Burguete, Raul"]
[Black "Perez Puyal, Jose Joaquin"]
[Result "1-0"]
[WhiteElo "2009"]
[BlackElo "1922"]
[PlyCount "81"]
[EventDate "2015.01.24"]
[EventType "team-tourn"]
[EventRounds "11"]
[EventCountry "ESP"]
[SourceTitle "EXT 2017"]
[Source "ChessBase"]
[SourceDate "2016.10.25"]
[SourceVersion "1"]
[SourceVersionDate "2016.10.25"]
[SourceQuality "1"]
[WhiteTeam "St Casablanca III"]
[BlackTeam "Jaque"]
[WhiteTeamCountry "ESP"]
[BlackTeamCountry "ESP"]

1. e4 d5 2. exd5 Qxd5 3. Nc3 Qa5 4. d4 Nf6 5. Nf3 c6 6. Bd2 Bf5 7. Bc4 e6 8. 0-0 Bb4 9. a3 Bxc3 10. Bxc3 Qc7 11. Re1 0-0 12. Qe2 Nbd7 13. Rad1 Nd5 14. Bxd5 cxd5 15. Nh4 Bg6 16. Nxg6 hxg6 17. Rd3 Nf6 18. Rh3 Rfc8 19. f3 Qf4 20. g3 Qd6 21. g4 Qf4 22. Qf2 g5 23. Bd2 Rxc2 24. Bxf4 Rxf2 25. Kxf2 gxf4 26. g5 Nh7 27. Rh4 Nxg5 28. Rg4 f6 29. h4 Nf7 30. Rxe6 Rc8 31. Rxf4 Rc2+ 32. Re2 Rc4 33. Re8+ Kh7 34. Re7 Ne5 35. dxe5 Rxf4 36. e6 Rxh4 37. Rxb7 Kg6 38. Rb8 Rh2+ 39. Ke3 Rh1 40. Kd2 Rh2+ 41. Kd3 1-0

[Event "Aragon-chT Preferente A"]
[Site "Aragon"]
[Date "2015.02.21"]
[Round "5.42"]
[White "Perez Puyal, Jose Joaquin"]
[Black "Puertolas Serena, Arturo"]
[Result "1/2-1/2"]
[WhiteElo "1922"]
[BlackElo "1919"]
[PlyCount "88"]
[EventDate "2015.01.24"]
[EventType "team-tourn"]
[EventRounds "11"]
[EventCountry "ESP"]
[SourceTitle "EXT 2017"]
[Source "ChessBase"]
[SourceDate "2016.10.25"]
[SourceVersion "1"]
[SourceVersionDate "2016.10.25"]
[SourceQuality "1"]
[WhiteTeam "Jaque"]
[BlackTeam "La Aurora Estadilla II"]
[WhiteTeamCountry "ESP"]
[BlackTeamCountry "ESP"]

1. d4 d5 2. Nf3 Nf6 3. Bf4 c5 4. c3 Nc6 5. e3 Qb6 6. Qb3 e6 7. h3 Be7 8. Nbd2 0-0 9. Be2 c4 10. Qc2 Qd8 11. 0-0 b5 12. Ne5 Nxe5 13. dxe5 Nd7 14. Nf3 f6 15. Nd4 Qb6 16. exf6 Bxf6 17. Bg3 Nc5 18. b3 cxb3 19. axb3 Bd7 20. Bf3 Rac8 21. Qa2 a6 22. Rfc1 Kh8 23. Rc2 e5 24. Ne2 Be6 25. Bg4 Bxg4 26. hxg4 Rc6 27. g5 Bxg5 28. Bxe5 Bf6 29. Bd4 Qc7 30. Nf4 Qd6 31. Rac1 Ne6 32. Bxf6 Nxf4 33. Bxg7+ Kxg7 34. exf4 Qxf4 35. Qb2 Rh6 36. c4+ d4 37. f3 Qh2+ 38. Kf2 Qh4+ 39. Kg1 Re8 40. Re2 Rxe2 41. Qxe2 Qh1+ 42. Kf2 Qxc1 43. Qe7+ Kg6 44. Qe6+ Kg5 1/2-1/2

[Event "Aragon-chT Preferente B"]
[Site "Aragon"]
[Date "2012.03.24"]
[Round "8.56"]
[White "Labrador Postigo, Francisco Manuel"]
[Black "Perez Puyal, Jose Joaquin"]
[Result "1-0"]
[WhiteElo "1896"]
[BlackElo "1929"]
[PlyCount "109"]
[EventDate "2012.02.04"]
[EventType "team"]
[EventRounds "9"]
[EventCountry "ESP"]
[SourceTitle "EXT 2014"]
[Source "ChessBase"]
[SourceDate "2013.11.20"]
[SourceVersion "1"]
[SourceVersionDate "2013.11.20"]
[SourceQuality "1"]
[WhiteTeam "Olivar III"]
[BlackTeam "Atl Huesca"]
[WhiteTeamCountry "ESP"]
[BlackTeamCountry "ESP"]

1. d4 d5 2. c4 c6 3. Nf3 Nf6 4. g3 e6 5. Bg2 Bb4+ 6. Bd2 Bxd2+ 7. Nbxd2 0-0 8. 0-0 Nbd7 9. Qc2 dxc4 10. Nxc4 Nb6 11. Nce5 Bd7 12. h4 Rc8 13. Rfd1 Qe7 14. Qc5 Qd8 15. a4 Ra8 16. Ng5 Nbd5 17. a5 h6 18. Nh3 b6 19. axb6 Qxb6 20. e4 Nc7 21. Qd6 Rfd8 22. Qe7 Be8 23. Rac1 Rxd4 24. Rxd4 Qxd4 25. Qxc7 Qxb2 26. Rd1 a5 27. Nxc6 a4 28. Ne7+ Kh7 29. e5 Qe2 30. Rc1 Nd5 31. Nxd5 exd5 32. Bxd5 Qa6 33. Nf4 Ra7 34. Qc2+ g6 35. h5 a3 36. Ba2 Rb7 37. hxg6+ fxg6 38. Nh5 Bf7 39. Nf6+ Kg7 40. Bxf7 Rxf7 41. Qc8 Qxc8 42. Rxc8 Ra7 43. Rc1 a2 44. Ra1 Kf7 45. Kg2 Ke6 46. f4 Kf5 47. Nd5 Ra3 48. Nb4 Kg4 49. Rxa2 Rxg3+ 50. Kf2 Rf3+ 51. Ke2 Rxf4 52. Nd3 Re4+ 53. Kf1 Kf5 54. Rf2+ Kg5 55. Re2 1-0

[Event "Aragon-chT Preferente B"]
[Site "Aragon"]
[Date "2012.02.04"]
[Round "1.56"]
[White "Perez Puyal, Jose Joaquin"]
[Black "Ruiperez Gumiel, Ramon"]
[Result "0-1"]
[WhiteElo "1929"]
[BlackElo "1947"]
[PlyCount "102"]
[EventDate "2012.02.04"]
[EventType "team"]
[EventRounds "9"]
[EventCountry "ESP"]
[SourceTitle "EXT 2014"]
[Source "ChessBase"]
[SourceDate "2013.11.20"]
[SourceVersion "1"]
[SourceVersionDate "2013.11.20"]
[SourceQuality "1"]
[WhiteTeam "Atl Huesca"]
[BlackTeam "Marcos Frechin"]
[WhiteTeamCountry "ESP"]
[BlackTeamCountry "ESP"]

1. Nf3 d5 2. d4 Nc6 3. e3 Bg4 4. Be2 Nf6 5. Nbd2 e6 6. 0-0 Bd6 7. b3 Bxf3 8. Nxf3 Ne4 9. Bb2 Ne7 10. c4 c6 11. Ne5 Nf5 12. cxd5 exd5 13. Qd3 Qg5 14. f4 Qe7 15. Bf3 g6 16. Bxe4 dxe4 17. Qd2 Bxe5 18. fxe5 0-0-0 19. Qc3 Rhe8 20. Rf4 Qg5 21. g3 h5 22. Kf2 h4 23. g4 Nxd4 24. Rxe4 Nb5 25. Qc2 f5 26. gxf5 Qxf5+ 27. Kg2 Rf8 28. Rc4 h3+ 29. Kg1 Qg5+ 30. Kh1 Qxe3 31. Rc1 Qf3+ 32. Kg1 Qe3+ 33. Kh1 Qf3+ 34. Kg1 Qe3+ 35. Kh1 Rd2 36. Qe4 Qxe4+ 37. Rxe4 Rxb2 38. a4 Nc3 39. Re3 Ne2 40. Rd1 Nf4 41. e6 Re8 42. e7 Nd5 43. Rxh3 Rxe7 44. Rh8+ Kc7 45. a5 a6 46. Rh3 Ree2 47. Rh7+ Kd6 48. Rg1 Rxb3 49. Rxg6+ Kc5 50. Rg1 Ra2 51. h4 Rh3# 0-1

[Event "Huesca 4th"]
[Site "Huesca"]
[Date "2011.07.04"]
[Round "3.9"]
[White "Perez Puyal, Jose Joaquin"]
[Black "Carrasquer Alonso, Fernando"]
[Result "1-0"]
[WhiteElo "1974"]
[BlackElo "1605"]
[PlyCount "79"]
[EventDate "2011.06.20"]
[EventType "swiss"]
[EventRounds "6"]
[EventCountry "ESP"]
[SourceTitle "EXT 2024"]
[Source "ChessBase"]
[SourceDate "2023.10.10"]
[SourceVersion "1"]
[SourceVersionDate "2023.10.10"]
[SourceQuality "1"]

1. d4 d5 2. Nf3 Nf6 3. e3 c6 4. Bd3 g6 5. Nbd2 Bg7 6. b3 0-0 7. Bb2 Re8 8. 0-0 Bg4 9. h3 Bxf3 10. Nxf3 Nfd7 11. c4 e5 12. dxe5 Nxe5 13. Nxe5 Bxe5 14. Bxe5 Rxe5 15. Be2 Nd7 16. Qc2 dxc4 17. Qxc4 Nb6 18. Qf4 Rd5 19. Rfd1 Qe7 20. Bf3 Rxd1+ 21. Rxd1 Rd8 22. Rd4 Rxd4 23. Qxd4 Qd7 24. Qe5 a6 25. Bg4 f5 26. Bf3 Nc8 27. a4 Nd6 28. Be2 Nf7 29. Qc3 Qc7 30. a5 Qe5 31. Qb4 Qc7 32. Bc4 Kg7 33. h4 Ne5 34. Qc3 Kh6 35. Be2 Qe7 36. Qd4 Nd7 37. Qf4+ Kg7 38. Qc7 Kf7 39. Qxb7 Nc5 40. Qxc6 1-0

[Event "Aragon-chT Preferente"]
[Site "Spain"]
[Date "2010.02.27"]
[Round "6.56"]
[White "Perez Puyal, Jose Joaquin"]
[Black "Gimeno Diaz, Fernando"]
[Result "1-0"]
[WhiteElo "1909"]
[BlackElo "1896"]
[PlyCount "141"]
[EventDate "2010.01.23"]
[EventType "team-swiss"]
[EventRounds "12"]
[EventCountry "ESP"]
[SourceTitle "EXT 2013"]
[Source "ChessBase"]
[SourceDate "2012.11.22"]
[SourceVersion "1"]
[SourceVersionDate "2012.11.22"]
[SourceQuality "1"]
[WhiteTeam "Casino Jaque"]
[BlackTeam "Aragon ONCE"]
[WhiteTeamCountry "ESP"]
[BlackTeamCountry "ESP"]

1. e4 c5 2. Nc3 Nc6 3. Bb5 g6 4. Bxc6 dxc6 5. d3 Bg7 6. f4 Nf6 7. Nf3 0-0 8. 0-0 Be6 9. Ng5 Bg4 10. Qe1 c4 11. e5 Ne8 12. dxc4 Qd4+ 13. Be3 Qxc4 14. b3 Qb4 15. a3 Qa5 16. b4 Qa6 17. Bc5 f6 18. Qh4 fxg5 19. Qxg4 Qc4 20. Qh3 gxf4 21. Rae1 Rf5 22. Re4 Qe6 23. Bd4 Nc7 24. Ne2 b6 25. Nxf4 Qc4 26. Qd3 Qxd3 27. Nxd3 Rxf1+ 28. Kxf1 Ne6 29. Ke2 Rd8 30. Be3 Rd5 31. c4 Rd8 32. c5 b5 33. g3 Rf8 34. Bf4 g5 35. Be3 Rf5 36. g4 Rf8 37. Bf2 Rd8 38. Be3 Kf7 39. Ne1 Kg6 40. Nf3 h6 41. h4 Ra8 42. h5+ Kf7 43. Kd3 a5 44. Kc3 axb4+ 45. axb4 Ra1 46. Kb2 Rf1 47. Nd2 Rh1 48. Nb3 Rh2+ 49. Kc3 Nc7 50. Nd4 Nd5+ 51. Kb3 Rh3 52. e6+ Kf8 53. Nf5 Nxe3 54. Rxe3 Rxe3+ 55. Nxe3 Bf6 56. Nf5 Bg7 57. Kc2 Be5 58. Kd3 Bb2 59. Nxh6 Kg7 60. Nf7 Kf6 61. Nd8 Ke5 62. Nxc6+ Kxe6 63. Nd4+ Kd5 64. Nxb5 e5 65. Nc7+ Kc6 66. Ne6 Kb5 67. Ke4 Kxb4 68. c6 Kb5 69. c7 Bd4 70. Nxd4+ exd4 71. c8Q 1-0

[Event "Aragon-chT"]
[Site "Aragon"]
[Date "2009.03.21"]
[Round "8"]
[White "Perez Puyal, Jose Joaquin"]
[Black "Sig Vargas, Pablo"]
[Result "0-1"]
[WhiteElo "1867"]
[BlackElo "1877"]
[PlyCount "96"]
[EventDate "2009.01.24"]
[EventType "team-swiss"]
[EventRounds "9"]
[EventCountry "ESP"]
[SourceTitle "EXT 2011"]
[Source "ChessBase"]
[SourceDate "2010.11.26"]
[SourceVersion "1"]
[SourceVersionDate "2010.11.26"]
[SourceQuality "1"]

1. d4 d5 2. Nf3 Nf6 3. e3 e6 4. Bd3 c5 5. c3 Bd6 6. 0-0 b6 7. Nbd2 0-0 8. e4 dxe4 9. Nxe4 Bb7 10. Re1 Nxe4 11. Bxe4 Bxe4 12. Rxe4 Nc6 13. Be3 cxd4 14. Nxd4 Rc8 15. Qh5 Qf6 16. Nxc6 Rxc6 17. Bd4 Qg6 18. Qf3 Qf5 19. Rg4 Qxf3 20. gxf3 e5 21. Be3 f5 22. Rg2 f4 23. Bd2 Rd8 24. Kf1 Bc7 25. Ke2 Kf7 26. Rag1 g6 27. Rd1 Kf6 28. Rgg1 Rcd6 29. c4 Kf5 30. Bb4 Rxd1 31. Rxd1 Rxd1 32. Kxd1 e4 33. Ke2 exf3+ 34. Kxf3 g5 35. h3 h5 36. c5 g4+ 37. hxg4+ hxg4+ 38. Kg2 Ke4 39. cxb6 Bxb6 40. Bd2 Bd4 41. b4 f3+ 42. Kg3 Kd3 43. Bf4 Ke2 44. Bd6 Bxf2+ 45. Kxg4 Be1 46. Bc5 Bxb4 47. Bxa7 Bd2 48. Bg1 Be3 0-1

[Event "Aragon-chT"]
[Site "Aragon"]
[Date "2008.03.29"]
[Round "7"]
[White "Perez Puyal, Jose Joaquin"]
[Black "Campo Millan, Diego"]
[Result "0-1"]
[WhiteElo "1888"]
[BlackElo "2089"]
[PlyCount "48"]
[EventDate "2008.02.02"]
[EventType "team-swiss"]
[EventRounds "12"]
[EventCountry "ESP"]
[SourceTitle "EXT 2011"]
[Source "ChessBase"]
[SourceDate "2010.11.26"]
[SourceVersion "1"]
[SourceVersionDate "2010.11.26"]
[SourceQuality "1"]

1. e4 d6 2. d4 Nf6 3. Nc3 g6 4. Be3 Bg7 5. f3 0-0 6. Qd2 c6 7. Bh6 e5 8. Nge2 exd4 9. Nxd4 Nxe4 10. Nxe4 Qh4+ 11. g3 Qxh6 12. Qxh6 Bxh6 13. Nxd6 Rd8 14. Nxc8 Rxd4 15. Rd1 Rxd1+ 16. Kxd1 Bf8 17. Bh3 Na6 18. Re1 Nc7 19. Bd7 Kg7 20. c4 Ne6 21. Kc1 Nc5 22. Bh3 Nd3+ 23. Kd1 Nxe1 24. Kxe1 f5 0-1

[Event "Aragon-chT"]
[Site "Aragon"]
[Date "2008.02.23"]
[Round "4"]
[White "Salvador Monge, Tomas"]
[Black "Perez Puyal, Jose Joaquin"]
[Result "0-1"]
[WhiteElo "1944"]
[BlackElo "1888"]
[PlyCount "71"]
[EventDate "2008.02.02"]
[EventType "team-swiss"]
[EventRounds "12"]
[EventCountry "ESP"]
[SourceTitle "EXT 2011"]
[Source "ChessBase"]
[SourceDate "2010.11.26"]
[SourceVersion "1"]
[SourceVersionDate "2010.11.26"]
[SourceQuality "1"]

1. d4 Nf6 2. c4 e6 3. Nc3 h6 4. Nf3 Bb4 5. Bd2 b6 6. a3 Bxc3 7. Bxc3 Bb7 8. e3 0-0 9. b4 d6 10. Bd3 Nbd7 11. 0-0 Ne4 12. Bb2 f5 13. Qc2 Qe8 14. Rad1 Qg6 15. Nh4 Qg5 16. g3 Qd8 17. Ng6 Ng5 18. d5 exd5 19. f3 Qe8 20. Rde1 Qxg6 21. cxd5 Qf7 22. h4 Nh7 23. g4 Nhf6 24. Bxf5 Bxd5 25. Qxc7 Ne5 26. Qxd6 Nc4 27. Qh2 Nxb2 28. Qxb2 Be6 29. e4 Bc4 30. Rf2 g6 31. g5 gxf5 32. gxf6 Qxf6 33. e5 Qxh4 34. e6 Kh7 35. e7 Rg8+ 36. Rg2 0-1

[Event "Aragon-chT Autonomico"]
[Site "Aragon"]
[Date "2007.03.10"]
[Round "7"]
[White "Fondon Murillo, Alvaro"]
[Black "Perez Puyal, Jose Joaquin"]
[Result "1-0"]
[WhiteElo "1886"]
[BlackElo "1673"]
[PlyCount "73"]
[EventDate "2007.01.27"]
[EventType "team-tourn"]
[EventRounds "9"]
[EventCountry "ESP"]
[SourceTitle "EXT 2008"]
[Source "ChessBase"]
[SourceDate "2007.11.25"]
[SourceVersion "1"]
[SourceVersionDate "2007.11.25"]
[SourceQuality "1"]
[WhiteTeam "Pena Santa Isabel"]
[BlackTeam "Casino Jaque"]
[WhiteTeamCountry "ESP"]
[BlackTeamCountry "ESP"]

1. d4 d5 2. c4 e6 3. Nc3 Nf6 4. Nf3 c6 5. Bf4 Qa5 6. Bd2 Qc7 7. g3 Nbd7 8. c5 b6 9. b4 a5 10. a3 Qa7 11. b5 Bb7 12. Qa4 Rc8 13. cxb6 Nxb6 14. Qb3 a4 15. Qb2 Nc4 16. Qa2 c5 17. e3 Nxd2 18. Qxd2 Qa5 19. b6 Ba6 20. Bxa6 Qxa6 21. Qb2 Rb8 22. Rb1 Nd7 23. b7 Be7 24. Qb5 Qxb5 25. Rxb5 c4 26. 0-0 Bxa3 27. Ra1 Bd6 28. Rxa4 Ke7 29. e4 dxe4 30. Nxe4 Nf6 31. Nxd6 Kxd6 32. Rxc4 Nd5 33. Ne5 Rhf8 34. Nc6 Nc7 35. Rb3 Nd5 36. Nxb8 Rxb8 37. Rc8 1-0

[Event "Aragon-chT Autonomico"]
[Site "Aragon"]
[Date "2007.03.03"]
[Round "6"]
[White "Perez Puyal, Jose Joaquin"]
[Black "Ruiperez Gumiel, Ramon"]
[Result "0-1"]
[WhiteElo "1886"]
[BlackElo "1625"]
[PlyCount "56"]
[EventDate "2007.01.27"]
[EventType "team-tourn"]
[EventRounds "9"]
[EventCountry "ESP"]
[SourceTitle "EXT 2008"]
[Source "ChessBase"]
[SourceDate "2007.11.25"]
[SourceVersion "1"]
[SourceVersionDate "2007.11.25"]
[SourceQuality "1"]
[WhiteTeam "Casino Jaque"]
[BlackTeam "Marcos Frechin"]
[WhiteTeamCountry "ESP"]
[BlackTeamCountry "ESP"]

1. e4 c5 2. g3 d6 3. Nc3 Nc6 4. d3 h5 5. h4 Nf6 6. Bg2 Nd4 7. Nh3 Bxh3 8. Bxh3 Ng4 9. 0-0 e6 10. f3 Ne5 11. Bf4 Ng6 12. Be3 Be7 13. Qd2 Ne5 14. Bxd4 cxd4 15. Ne2 g5 16. hxg5 Bxg5 17. f4 Bh6 18. Nxd4 Rg8 19. Qf2 Qh4 20. fxe5 Rxg3+ 21. Bg2 Be3 22. Nf3 Qg4 23. Ne1 Bxf2+ 24. Rxf2 h4 25. Kh2 0-0-0 26. exd6 Rg8 27. e5 h3 28. Bh1 Rg1 0-1

[Event "Benidorm op U2000 06th"]
[Site "Benidorm"]
[Date "2007.??.??"]
[Round "5"]
[White "Perez Garcia, Jose Miguel"]
[Black "Perez Puyal, Jose Joaquin"]
[Result "1-0"]
[WhiteElo "1975"]
[BlackElo "1905"]
[PlyCount "61"]
[EventDate "2007.11.??"]
[EventType "swiss"]
[EventRounds "9"]
[EventCountry "ESP"]
[SourceTitle "EXT 2010"]
[Source "ChessBase"]
[SourceDate "2010.11.25"]
[SourceVersion "1"]
[SourceVersionDate "2010.11.25"]
[SourceQuality "1"]

1. d4 Nf6 2. Nf3 e6 3. c4 Bb4+ 4. Nbd2 b6 5. g3 Bb7 6. Bg2 0-0 7. 0-0 Be7 8. Re1 d6 9. e4 Nbd7 10. b3 c5 11. d5 Ne8 12. Nf1 Nc7 13. Qc2 b5 14. h4 Nb6 15. N1h2 Bf6 16. Rb1 Ba6 17. dxe6 fxe6 18. e5 Be7 19. Ng5 Bxg5 20. Bxg5 Qd7 21. Bxa8 Rxa8 22. exd6 Qxd6 23. Bf4 Qc6 24. Qe4 Qd7 25. Rbd1 Qf7 26. Bxc7 Qxc7 27. Qxe6+ Qf7 28. cxb5 Bxb5 29. Qxf7+ Kxf7 30. a4 Bc6 31. Ng4 1-0

[Event "Autonomico-chT"]
[Site "Aragon"]
[Date "2005.04.16"]
[Round "12.15"]
[White "Perez Puyal, Jose Joaquin"]
[Black "Iturbide Arnedo, Oscar"]
[Result "0-1"]
[WhiteElo "1866"]
[BlackElo "1985"]
[PlyCount "80"]
[EventDate "2005.01.22"]
[EventType "team-tourn"]
[EventRounds "12"]
[EventCountry "ESP"]
[SourceTitle "EXT 2006"]
[Source "ChessBase"]
[SourceDate "2005.11.24"]
[SourceVersion "1"]
[SourceVersionDate "2005.11.24"]
[SourceQuality "1"]

1. e4 d5 2. e5 c5 3. c3 Bf5 4. d4 e6 5. Bd3 Bxd3 6. Qxd3 Qb6 7. Nf3 Qa6 8. Qxa6 Nxa6 9. 0-0 h6 10. Be3 b6 11. Nbd2 Rc8 12. Rac1 Ne7 13. Rfd1 c4 14. b3 Nf5 15. bxc4 dxc4 16. Ne4 Nc7 17. Kf1 Nd5 18. Ke2 Be7 19. Bd2 h5 20. h3 h4 21. Nh2 Kd7 22. Nf1 Rcf8 23. Nh2 Rhg8 24. g4 hxg3 25. fxg3 Rh8 26. h4 Nxh4 27. Rh1 Ng6 28. Nf3 f6 29. exf6 gxf6 30. Nh4 Rhg8 31. Rcg1 f5 32. Nxg6 Rxg6 33. Nf2 Rfg8 34. Kf3 Bd6 35. Rh7+ Kc6 36. Rh3 Nf6 37. Nh1 Ne4 38. Be1 Ng5+ 39. Kg2 Nxh3 40. Kxh3 f4 0-1